| 000 | 00772nam a22002177a 4500 | ||
|---|---|---|---|
| 999 |
_c19580 _d19580 |
||
| 003 | AR-CdUCM | ||
| 008 | 190518b ||||| |||| 00| 0 spa d | ||
| 040 |
_aMUNICIPALIDAD PROVINCIAL DEL CUSCO _cBIBLIOTECA MUNICIPAL DEL CUSCO |
||
| 082 |
_a333 / _bZ73 |
||
| 100 |
_aZimmerman, Erich Walter _941003 |
||
| 245 | _aRecursos e industrias del mundo / | ||
| 260 |
_aMéxico, D. F : _bFondo de Cultura Económica, _c1957. |
||
| 300 |
_a771 paginas ; _c29 cm. |
||
| 505 | _aContenido :Introducción al estudio de los recursos --Recursos agricolas --Recursos industriales ... | ||
| 650 |
_aRecursos naturales _91988 |
||
| 650 |
_aIndustrias _94471 |
||
| 650 |
_aAgricultura _9320 |
||
| 650 |
_aAspectos económicos _9261 |
||
| 942 |
_2ddc _cLIBROS |
||
| 945 |
_arjall _d2019-05-18 |
||